000 00876cam a22002773a 4500
001 30840
003 PGUSA
005 20140828083651.0
008 100104s2010||||xxu|||||s|||||000 1 eng d
040 _aPGUSA
_beng
042 _adc
050 4 _aPZ
100 1 _aMorrison, Gertrude W.
245 1 4 _aThe Girls of Central High on Lake Luna; Or, The Crew That Won
_h[electronic resource] /
_cGertrude W. Morrison
260 _bProject Gutenberg,
_c2010
506 _aPublic domain in the USA.
516 _aElectronic text
653 _aCanoes and canoeing -- Juvenile fiction
653 _aVacations -- Juvenile fiction
653 _aHigh school students -- Juvenile fiction
653 _aGirls -- Juvenile fiction
653 _aRowing -- Juvenile fiction
830 0 _aProject Gutenberg
_v30840
856 4 0 _uhttp://www.gutenberg.org/ebooks/30840
942 _cEB
999 _c260095
_d260095